Statistics for Capital Cities with fewest other Capitals within 5,000 km

Click here to take the quiz!

General Stats

  • This quiz has been taken 107 times
  • The average score is 13 of 20

Answer Stats

#Capital City% Correct
13Canberra
95%
10Wellington
92%
13Santiago
81%
18Tokyo
76%
10Buenos Aires
75%
19Port Moresby
75%
12Apia
70%
10Montevideo
69%
19Jakarta
65%
18Dili
64%
12Suva
64%
12Nuku'alofa
61%
21Asuncion
60%
14Port-Vila
57%
12Funafuti
54%
14Honiara
52%
13Tarawa
51%
12Majuro
49%
19Palikir
49%
15Yaren
49%

Score Distribution

Percentile by Number Answered

Percent of People with Each Score

Your Score History

You have not taken this quiz